Report for the year 1962
Αποθηκεύτηκε σε:
| Συγγραφή απο Οργανισμό/Αρχή: | |
|---|---|
| Μορφή: | Βιβλίο |
| Γλώσσα: | English |
| Δημοσίευση: |
Athens :
National Bank of Greece,
|
| Θέματα: | |
| Ετικέτες: |
Προσθήκη ετικέτας
Δεν υπάρχουν, Καταχωρήστε ετικέτα πρώτοι!
|
MARC
| LEADER | 00000nam a2200000 i 4500 | ||
|---|---|---|---|
| 001 | 1/103302 | ||
| 008 | 950515s eng d | ||
| 035 | |l 10012836 | ||
| 040 | |a GR-MY-UA |b gre |e aacr | ||
| 041 | 0 | |a eng | |
| 082 | 0 | |a 332.109495 | |
| 110 | 2 | |a Εθνική Τράπεζα της Ελλάδος. | |
| 245 | 1 | 0 | |a Report for the year 1962 / |c National Bank of Greece |
| 260 | |a Athens : |b National Bank of Greece, | ||
| 300 | |a 56 p. | ||
| 610 | 2 | 0 | |a Εθνική Τράπεζα της Ελλάδος. |
| 650 | 0 | 0 | |a Banks and banking |z Greece. |
| 651 | 0 | |a Greece |x Economic conditions. | |
| 852 | |a INST |b LESVOS |e 19950515 |h 332.109495 ΕΘΝ |p 005100000817 |q 005100000817 |t BK |y 0 | ||
| 909 | |a Λ |b 015414 | ||